<?xml version="1.0" encoding="UTF-8"?>
<marc:record xmlns:marc="http://www.loc.gov/MARC21/slim">
   <marc:leader>00000nam a2200000 a 4500</marc:leader>
   <marc:datafield ind1="1" ind2=" " tag="100">
      <marc:subfield code="a">Reinhardt, Andrea</marc:subfield>
      <marc:subfield code="4">aut</marc:subfield>
      <marc:subfield code="e">Verfasser/-in</marc:subfield>
   </marc:datafield>
   <marc:datafield ind1=" " ind2=" " tag="653">
      <marc:subfield code="a">Grund- und weiterführende Schulen</marc:subfield>
   </marc:datafield>
   <marc:datafield ind1=" " ind2=" " tag="653">
      <marc:subfield code="a">Kunst</marc:subfield>
   </marc:datafield>
   <marc:datafield ind1=" " ind2=" " tag="653">
      <marc:subfield code="a">Gestalten</marc:subfield>
   </marc:datafield>
   <marc:datafield ind1=" " ind2=" " tag="653">
      <marc:subfield code="a">Kreativität</marc:subfield>
   </marc:datafield>
   <marc:datafield ind1=" " ind2=" " tag="653">
      <marc:subfield code="a">Frühpädagogik</marc:subfield>
   </marc:datafield>
   <marc:datafield ind1=" " ind2=" " tag="653">
      <marc:subfield code="a">Softcover / Pädagogik/Kindergarten- und Vorschulpädagogik</marc:subfield>
   </marc:datafield>
   <marc:datafield ind1="0" ind2="0" tag="245">
      <marc:subfield code="a">Kita-Kinder machen Kunst das ganze Jahr!</marc:subfield>
   </marc:datafield>
   <marc:datafield ind1="0" ind2="0" tag="245">
      <marc:subfield code="b">originelle Kunst-Projekte zum Ausprobieren und Nachmachen ; [aus dem Kita-Atelier</marc:subfield>
   </marc:datafield>
   <marc:datafield ind1="0" ind2="0" tag="245">
      <marc:subfield code="c">Andrea Reinhardt</marc:subfield>
   </marc:datafield>
   <marc:datafield ind1=" " ind2="1" tag="264">
      <marc:subfield code="a">Mülheim an der Ruhr</marc:subfield>
      <marc:subfield code="b">Verl. an der Ruhr</marc:subfield>
      <marc:subfield code="c">2013</marc:subfield>
   </marc:datafield>
   <marc:datafield ind1="1" ind2=" " tag="520">
      <marc:subfield code="a">Angaben aus der Verlagsmeldung

Kita-Kinder machen Kunst das ganze Jahr! : Originelle Kunst-Projekte zum Ausprobieren und Nachmachen / von Andrea Reinhardt

Filz-Sylvester-Bilder, Karnevalsportraits, Gipshasen, Servietten-Sommerblumen oder Erdbeeren auf Leinwand – egal zu welcher Jahreszeit, in diesem Buch finden Sie ganz neue Kunstideen für das ganze Jahr! Diese kreativen Angebote sind kurz und einfach beschrieben. Tolle aussagekräftige Fotos zeigen Ihnen Schritt für Schritt die Entstehung jedes einzelnen Jahreszeiten-Kunstwerks und machen Mut, selbst mit Kindern künstlerisch aktiv zu sein. Ob mit Pinsel, Stiften, Farben, Modelliermasse oder mit verschiedenen Hintergründen und Werkzeugen, die Angebote inspirieren, Neues auszuprobieren und Bewährtes auf neue Art und Weise zu nutzen. Darüber hinaus bekommen Sie hier auch endlich gute Ideen für die ansprechende Präsentation der Kinder-Kunstwerke in Ihrer Kita. Konkrete Tipps orientieren sich an der Erfahrungswelt der Kinder, und didaktische Hinweise helfen, jedes Kunstprojekt zu einem wahren Erlebnis zu machen!
</marc:subfield>
   </marc:datafield>
   <marc:datafield ind1=" " ind2=" " tag="020">
      <marc:subfield code="a">9783834623621</marc:subfield>
      <marc:subfield code="9">9783834623621</marc:subfield>
   </marc:datafield>
   <marc:datafield ind1=" " ind2=" " tag="041">
      <marc:subfield code="a">ger</marc:subfield>
   </marc:datafield>
   <marc:datafield ind1=" " ind2=" " tag="300">
      <marc:subfield code="a">72 S.</marc:subfield>
   </marc:datafield>
</marc:record>
